000 00801cam a2200253 i 4500
999 _c232617
_d232617
001 2772771
003 Nust
005 20170221143159.0
008 801209s1981 nyu 000 0aeng
010 _a 80029097
020 _a9780330443555
_c$13.95
040 _aDLC
_cDLC
_dDLC
043 _ae-uk-en
050 0 0 _aSF613.H44
_bA34
082 0 0 _a636.0890924
_bHER
100 1 _aHerriot, James.
245 1 4 _aThe Lord God made them all /
_cby James Herriot.
250 _a1st ed.
260 _aNew York :
_bSt. Martin's Press,
_c1981.
300 _a346 p. ;
_c22 cm.
600 1 0 _aHerriot, James.
650 0 _aVeterinarians
_zEngland
_zYorkshire
_xBiography.
906 _a7
_bcbc
_corignew
_du
_eocip
_f19
_gy-gencatlg
942 _2ddc
_cBK